Κλιματική αλλαγή και αμπελοκαλλιέργεια στην Ελλάδα : διατριβή
Αποθηκεύτηκε σε:
| Κύριος συγγραφέας: | |
|---|---|
| Συγγραφή απο Οργανισμό/Αρχή: | |
| Άλλοι συγγραφείς: | |
| Μορφή: | Thesis Βιβλίο |
| Γλώσσα: | Greek |
| Δημοσίευση: |
2009
|
| Θέματα: | |
| Διαθέσιμο Online: | http://hdl.handle.net/11610/15052 |
| Ετικέτες: |
Προσθήκη ετικέτας
Δεν υπάρχουν, Καταχωρήστε ετικέτα πρώτοι!
|
MARC
| LEADER | 00000cam a2200000 i 4500 | ||
|---|---|---|---|
| 001 | 1/8346 | ||
| 008 | 100611s2009 gre d | ||
| 035 | |l 10108218 | ||
| 040 | |a GR-MY-UA |b gre |e aacr | ||
| 041 | 0 | |a gre | |
| 082 | 0 | |a 634.8 |2 (22) | |
| 100 | 1 | |a Κουφός, Γεώργιος. | |
| 245 | 1 | 0 | |a Κλιματική αλλαγή και αμπελοκαλλιέργεια στην Ελλάδα : |b διατριβή / |c Κουφός Χ. Γεώργιος ; επιβλέπων καθηγητής: Τζεδάκης Πολυχρόνης |
| 260 | |c 2009 | ||
| 300 | |a 79 σ.; |b εικ., πιν.; |c 30 εκ. | ||
| 500 | |a Βιβλιογραφία: σ. 68-70, παράρτημα | ||
| 502 | |a Διατριβή (μεταπτυχιακή) – Πανεπιστήμιο Αιγαίου, Λέσβος, 2009. | ||
| 650 | 0 | 0 | |a Plant-atmosphere relationships. |
| 650 | 0 | 0 | |a Grapes |x Climatic factors. |
| 650 | 0 | 0 | |a Grapes |x Climatic changes. |
| 650 | 0 | 0 | |a Viticulture |z Greece. |
| 650 | 0 | 0 | |a Climatic changes. |
| 650 | 0 | 0 | |a Dissertations, Academic |z Greece. |
| 700 | 1 | |a Τζεδάκης, Πολυχρόνης. |4 ths | |
| 710 | 2 | |a Πανεπιστήμιο Αιγαίου |b Σχολή Περιβάλλοντος |b Τμήμα Περιβάλλοντος |b Πρόγραμμα Μεταπτυχιακών Σπουδών Περιβαλλοντική Πολιτική και Διαχείριση. | |
| 852 | |a INST |b LESVOS |c DIATR |e 20100611 |h 633 |p 005100047736 |q 005100047736 |t MTXE |y 23 | ||
| 852 | |a INST |b LESVOS |c DIATR |e 20100611 |h 634 |p 005100047737 |q 005100047737 |t MTXE |y 23 | ||
| 856 | |u http://hdl.handle.net/11610/15052 | ||
| 901 | |a BIBL1-2010-2 | ||
| 909 | |a Λ |b 164703 | ||
| 909 | |a Λ |b 164702 | ||
| 924 | |a ΚΟΥΦΟΣ |b ΓΕΩΡΓΙΟΣ |y ΛΕΣΒΟΣ |z 2009-10 | ||
| 970 | |a ΤΖΑΦΕΡΗ |b ΕΥΑΓΓΕΛΙΑ |z 2010/06/11 | ||